Guess The Sports By Emojis - Statistics

General Stats
  • This quiz has been taken 1,433 times
  • The average score is 8 of 10
Answer Stats
Emojis Answer % Correct
📦+ing Boxing
97%
VOLLE+⚽️ Volleyball
94%
🦶+⚽️ Football
93%
HO+🔑 Hockey
92%
CRI+🐱 Cricket
85%
🎨+⚽️ Paintball
83%
🥅+F Golf
58%
🪁+🏄‍♂️ Kite Surfing
56%
R+🪑+E Archery
55%
❄️+BI+👑 Snow Biking
41%
No matching quizzes found
Score Distribution
Percent of People with Each Score
Percentile by Number Answered
Your Score History
You have not taken this quiz